000 01203nam a2200349Ia 4500
003 OSt
005 20220912145037.0
006 a|||||r|||| 00| 0
007 ta
008 220909b |||||||| |||| 00| 0 eng d
020 _a9783540787365 (hbd)
024 _a82720
037 _b373, 02/01/2009, Ashutosh Technical Books
037 _cTextbook
040 _aCSL
_beng
_cCSL
041 _aeng
082 _aD65,8(B):(S:72), P8 TD
100 _aMiyamoto Sadaaki
245 0 _aAlgorithms for fuzzy clustering:methods in c-means clustering with applications
260 _aBerlin
_bSpringer
_c2008
300 _axi, 247p.
_ccm.
490 _aStudies in fuzziness and soft computing, 229
500 _a''References 235-243p''.; ''Index 245-247p''.
650 _a c-means clustering
650 _a Variables for controlling clusterings
650 _a Variations and generalizations
650 _aComputer science
700 _a Honda Katsuhiro
700 _a Ichihashi Hidetomo
942 _hD65,8(B):(S:72), P8 TD
_cTB
_2CC
999 _c21650
_d21650